Evidence-based paediatric and adolescent diabetes (Record no. 37542)
[ view plain ]
| 000 -LEADER | |
|---|---|
| fixed length control field | 01351nam a2200349Ia 4500 |
| 082 04 - DEWEY DECIMAL CLASSIFICATION NUMBER | |
| Classification number | 618.3/646 |
| 245 00 - TITLE STATEMENT | |
| Title | Evidence-based paediatric and adolescent diabetes |
| 260 ## - PUBLICATION, DISTRIBUTION, ETC. (IMPRINT) | |
| Place of publication | Malden, Mass. ; |
| -- | Oxford : |
| Name of publisher | Blackwell, |
| Year of publication | 2007. |
| 300 ## - PHYSICAL DESCRIPTION | |
| Number of Pages | xi, 242 p. : |
| Other physical details | ill. |
| 650 #0 - SUBJECT ADDED ENTRY--TOPICAL TERM | |
| Topical Term | Diabetes in children. |
| Topical Term | Diabetes in adolescence. |
| Topical Term | Evidence-based medicine. |
| 700 1# - ADDED ENTRY--PERSONAL NAME | |
| Personal name | Allgrove, Jeremy. |
| Personal name | Swift, Peter G. F. |
| Personal name | Greene, Stephen A. |
| 856 40 - ELECTRONIC LOCATION AND ACCESS | |
| Uniform Resource Identifier | http://site.ebrary.com/lib/rucke/Doc?id=10232781 |
No items available.
